zpět

Detail výsledku týmu

Dělnický dům, Jihlava

Datum a čas kvízu

10.5 Celkem bodů Celkový počet nahraných bodů na tomto kvízu bez doplňovacích otázek.
8. Pořadí na kvízu Konečné umístění týmu na tomto kvízu.

Zaznamenané odpovědi

# Otázka Odpověď Body Výsledky
1. Poblíž které jihočeské obce by... Lety 0
2. Posádka tureckých nízkonáklado... Britové 0
3. Fanoušci seriálu Simpsonovi sm... Larry 0
4. V pátek se v pražském hotelu M... mince 0
5. V dohrávce 29. kola fotbalové... Arsenal, 5:0 0
6. Bešamelová omáčka se standardn... muškátovým oříškem/květem 0
7. Napište zakrytou značku zobraz... Kikkoman 0
8. Když se řekne omáčka, určitě s... 15 1
9. Město Worcester dalo jméno jed... C; čertovo lejno 0
10. Jak se označuje tato jednoduch... velouté 0